[Event "Locri op 3rd"]
[Site "Locri"]
[Date "2015.07.16"]
[Round "5"]
[White "Femia, Diego"]
[Black "Familari, Simone"]
[Result "1-0"]
[WhiteElo "1365"]
[BlackElo "1485"]
[PlyCount "133"]
[EventDate "2015.07.13"]
[EventType "swiss"]
[EventRounds "9"]
[EventCountry "ITA"]
[SourceTitle "EXT 2024"]
[Source "ChessBase"]
[SourceDate "2023.10.10"]
[SourceVersion "1"]
[SourceVersionDate "2023.10.10"]
[SourceQuality "1"]

1. e4 c5 2. Nf3 d6 3. Nc3 Nc6 4. Be2 Bg4 5. 0-0 e6 6. d4 Bxf3 7. Bxf3 Nxd4 8. Be3 Nc6 9. Qd2 Nf6 10. Bg5 h6 11. Bxf6 Qxf6 12. Nb5 Qd8 13. Rfd1 Nd4 14. Nxd4 cxd4 15. Qxd4 Be7 16. c3 0-0 17. Re1 b6 18. c4 Rc8 19. Be2 Qd7 20. Qd2 Rfd8 21. Red1 Qb7 22. Qc2 d5 23. exd5 exd5 24. Bf3 Bf6 25. Rab1 Be5 26. b3 a6 27. Qe2 Bb8 28. Rxd5 Qc7 29. Rxd8+ Rxd8 30. g3 Qc5 31. b4 Qd4 32. Rd1 Qf6 33. Rxd8+ Qxd8 34. Bb7 a5 35. b5 Kh7 36. Be4+ g6 37. Qd3 Qxd3 38. Bxd3 f5 39. Kg2 Kg7 40. Kf3 Kf6 41. Ke3 g5 42. Kd4 Bc7 43. c5 h5 44. f3 f4 45. gxf4 Bxf4 46. h3 g4 47. fxg4 bxc5+ 48. Kxc5 hxg4 49. hxg4 Kg5 50. Be2 Kf6 51. Kb6 a4 52. Ka5 a3 53. Ka4 Bd6 54. b6 Be7 55. Kb5 Ke6 56. Kc6 Bd6 57. g5 Be5 58. g6 Kf6 59. Bd3 Kg7 60. b7 Bf4 61. Kb6 Be5 62. Ka7 Bd6 63. b8Q Bxb8+ 64. Kxb8 Kf8 65. Kb7 Kg7 66. Ka6 Kf6 67. Ka5 1-0

[Event "Reggio Calabria Province-ch"]
[Site "Calabria"]
[Date "2012.05.04"]
[Round "1"]
[White "Forlano, Luigi"]
[Black "Familari, Simone"]
[Result "1-0"]
[WhiteElo "1956"]
[BlackElo "1455"]
[PlyCount "63"]
[EventDate "2012.05.04"]
[EventType "swiss"]
[EventRounds "5"]
[EventCountry "ITA"]
[SourceTitle "EXT 2014"]
[Source "ChessBase"]
[SourceDate "2013.11.20"]
[SourceVersion "1"]
[SourceVersionDate "2013.11.20"]
[SourceQuality "1"]

1. e4 e5 2. Nf3 Nc6 3. Bc4 Be7 4. 0-0 Nf6 5. d4 d6 6. Nc3 Bg4 7. Bb5 a6 8. Bxc6+ bxc6 9. dxe5 dxe5 10. Qxd8+ Rxd8 11. Nxe5 Bd7 12. Rd1 g6 13. Bg5 h6 14. Bh4 g5 15. Bg3 h5 16. Nxd7 Nxd7 17. Bxc7 Rc8 18. Bd6 Bxd6 19. Rxd6 Nc5 20. Rad1 0-0 21. f3 f6 22. b4 Nb7 23. Rd7 Nd8 24. Ra7 g4 25. Rdd7 Ne6 26. Rxa6 Rb8 27. a3 Rfc8 28. Raa7 gxf3 29. gxf3 c5 30. Nd5 cxb4 31. Nxf6+ Kf8 32. Rf7# 1-0